00529nam a2200205Ia 4500008004000000041000800040082001200048100002000060245009100080260003900171650001600210650001400226650001300240650001500253650001500268650001200283650000800295650001200303650000800315210210b1881 xxu||||| |||| 00| 0 eng d aeng a444/561 aWERSHOVEN (F J) aTechnical vocabulary: English French: for scientific technical and industrial students aLondonbLibaraire Hachette.,c1881 avocabulary: aTechnical astudents ascientific aindustrial aFrench: afor aEnglish aand